Catálogo
 En Linea

Bosch, en diálogos imaginarios y otros asuntos / (Registro nro. 45218)

Detalles MARC
000 -CABECERA
campo de control de longitud fija 00689nam a2200181 a 4500
001 - NÚMERO DE CONTROL
campo de control 000045729
005 - FECHA Y HORA DE LA ÚLTIMA TRANSACCIÓN
campo de control 20201002052418.0
008 - DATOS DE LONGITUD FIJA--INFORMACIÓN GENERAL
campo de control de longitud fija 150508s2015 dr ac 000 0 spa d
040 ## - FUENTE DE LA CATALOGACIÓN
Centro catalogador/agencia de origen DO-SdBNP
Lengua de catalogación spa
Centro/agencia transcriptor BNPHU
082 ## - NÚMERO DE LA CLASIFICACIÓN DECIMAL DEWEY
Número de clasificación xxxx
Número de documento/Ítem xxxx
100 1# - ENTRADA PRINCIPAL--NOMBRE DE PERSONA
Nombre de persona Santana Morel, Julio César,
Fechas asociadas al nombre 1954-
9 (RLIN) 73786
245 10 - MENCIÓN DE TÍTULO
Título Bosch, en diálogos imaginarios y otros asuntos /
Mención de responsabilidad, etc. Julio César Santana Morel ; prólogo Eugenio García Cuevas.
260 ## - PUBLICACIÓN, DISTRIBUCIÓN, ETC.
Lugar de publicación, distribución, etc. Santo Domingo :
Nombre del editor, distribuidor, etc. s. n.,
Fecha de publicación, distribución, etc. 2015.
300 ## - DESCRIPCIÓN FÍSICA
Extensión 144 p. :
Otras características físicas il., retrs. ;
Dimensiones 22 cm.
500 ## - NOTA GENERAL
Nota general Incluye datos biográficos del autor en la solapa de la contracubierta.
504 ## - NOTA DE BIBLIOGRAFÍA, ETC.
Nota de bibliografía, etc. Bibliografía : p. 144
700 12 - PUNTO DE ACCESO ADICIONAL--NOMBRE DE PERSONA
Nombre de persona García Cuevas, Eugenio,
Término indicativo de función/relación pról.
9 (RLIN) 10813
Existencias
Estado de retiro Estado de pérdida Restricciones de uso No para préstamo Código de colección Localización permanente Ubicación/localización actual Ubicación en estantería Fecha de adquisición Número de inventario Total de préstamos Signatura topográfica completa Código de barras Fecha visto por última vez Número de copia Precio válido a partir de Tipo de ítem Koha
        Dominicana de Servicio General General En catalogación 08.05.2015 LF1   xxxx xxxx 45729-40 25.06.2020 e. 3 25.06.2020 Libro y Folleto Colección Dominicana de Servicio
  Extraviado     Dominicana de Servicio General General Extraviado 08.05.2015 LF1   xxxx xxxx 45729-50 25.06.2020 e. 4 25.06.2020 Libro y Folleto Colección Dominicana de Servicio
      Excluido de préstamo Patrimonio Dominicano Patrimonio Dominicano Patrimonio Dominicano En catalogación 08.05.2015 LF1   xxxx xxxx 45729-20 25.06.2020   25.06.2020 Libro y Folleto Colección Patrimonio Dominicano
      Excluido de préstamo Patrimonio Dominicano Patrimonio Dominicano Patrimonio Dominicano En catalogación 08.05.2015 LF1   xxxx xxxx 45729-30 25.06.2020 e. 2 25.06.2020 Libro y Folleto Colección Patrimonio Dominicano

Con tecnología Koha